000 00467nam a22001577a 4500
003 BD-ChCU
005 20260505085127.0
008 260505b bg ||||| |||| 00| 0 ben d
040 _cBD-ChCU
082 _aREF 910.202 TRA
245 _aTravel planer and , Hotel / Motel guide :
_bNorth American ed./
260 _aIllinois :
_bOfficial Airline Guide ,
_cC 1978
300 _a674p.
650 0 _aWorld - Description and travel Guides .
_922338
942 _2ddc
_cBK
_n0
999 _c112649
_d112649